Normal view
MARC view
Entry Personal Name
001 - CONTROL NUMBER
- control field: 20951
003 - CONTROL NUMBER IDENTIFIER
- control field: dpl
005 - DATE AND TIME OF LATEST TRANSACTION
- control field: 20100921141011.0
008 - FIXED-LENGTH DATA ELEMENTS
- fixed length control field: 100921|||a|||||| | ||| d
040 ## - CATALOGING SOURCE
- Original cataloging agency: dpl
- Transcribing agency: dpl
100 ## - HEADING--PERSONAL NAME
- Personal name: Agha, Salma
670 ## - SOURCE DATA FOUND
- Source citation: Work cat.: (dpl): Agha, Salma 1184, Kasam Paida Karnewale Ki (Part-1), P-1984
670 ## - SOURCE DATA FOUND
- Source citation: Work cat.: (dpl): Agha, Salma 1184, Kasam Paida Karnewale Ki (Part-1), P-1984
